Technology, war and identities : (Record no. 2694)
[ view plain ]
| 000 -LEADER | |
|---|---|
| fixed length control field | 01108nam a22003131i 4500 |
| 001 - CONTROL NUMBER | |
| control field | 015480588 |
| 003 - CONTROL NUMBER IDENTIFIER | |
| control field | Uk |
| 005 - DATE AND TIME OF LATEST TRANSACTION | |
| control field | 20230810145825.0 |
| 008 - FIXED-LENGTH DATA ELEMENTS--GENERAL INFORMATION | |
| fixed length control field | 130311s2009 enkab j 001 0 eng|d |
| 020 ## - INTERNATIONAL STANDARD BOOK NUMBER | |
| International Standard Book Number | 9781850083474 (paperback) : |
| 040 ## - CATALOGING SOURCE | |
| Original cataloging agency | StDuBDS |
| Language of cataloging | eng |
| Transcribing agency | StDuBDS |
| Description conventions | rda |
| Modifying agency | KH8 |
| 042 ## - AUTHENTICATION CODE | |
| Authentication code | ukblsr |
| 082 04 - DEWEY DECIMAL CLASSIFICATION NUMBER | |
| Classification number | 909.82 WIL |
| 100 1# - MAIN ENTRY--PERSONAL NAME | |
| Personal name | Wilkes, A. |
| Fuller form of name | (Aaron), |
| Relator term | author. |
| 245 10 - TITLE STATEMENT | |
| Title | Technology, war and identities : |
| Remainder of title | a world study after 1900 / |
| Statement of responsibility, etc. | Aaron Wilkes, James Ball. |
| 250 ## - EDITION STATEMENT | |
| Edition statement | Second edition. |
| 264 #1 - PRODUCTION, PUBLICATION, DISTRIBUTION, MANUFACTURE, AND COPYRIGHT NOTICE | |
| Place of production, publication, distribution, manufacture | Haddenham, Buckinghamshire : |
| Name of producer, publisher, distributor, manufacturer | Folens, |
| Date of production, publication, distribution, manufacture, or copyright notice | 2009. |
| 300 ## - PHYSICAL DESCRIPTION | |
| Extent | 160 pages : |
| Other physical details | illustrations (black and white, and colour), maps (black and white, and colour) ; |
| Dimensions | 8.7 x 0.33 x 11.18 inches. |
| 336 ## - CONTENT TYPE | |
| Content type term | text |
| Source | rdacontent |
| 336 ## - CONTENT TYPE | |
| Content type term | still image |
| Source | rdacontent |
| 336 ## - CONTENT TYPE | |
| Content type term | cartographic image |
| Source | rdacontent |
| 337 ## - MEDIA TYPE | |
| Media type term | unmediated |
| Source | rdamedia |
| 338 ## - CARRIER TYPE | |
| Carrier type term | volume |
| Source | rdacarrier |
| 500 ## - GENERAL NOTE | |
| General note | "FD3474"--Front cover. |
| 500 ## - GENERAL NOTE | |
| General note | Includes index. |
| 650 #0 - SUBJECT ADDED ENTRY--TOPICAL TERM | |
| Topical term or geographic name entry element | History, Modern |
| Chronological subdivision | 20th century |
| Form subdivision | Juvenile literature. |
| 700 1# - ADDED ENTRY--PERSONAL NAME | |
| Personal name | Ball, James |
| Titles and other words associated with a name | (History teacher), |
| Relator term | author. |
| 942 ## - ADDED ENTRY ELEMENTS (KOHA) | |
| Source of classification or shelving scheme | |
| Koha item type | Teaching Resources |
| Withdrawn status | Lost status | Source of classification or shelving scheme | Damaged status | Not for loan | Collection code | Permanent Location | Current Location | Shelving location | Date acquired | Full call number | Barcode | Date last seen | Price effective from | Koha item type |
|---|---|---|---|---|---|---|---|---|---|---|---|---|---|---|
| Teaching Resources | KH8 Senior School Library | KH8 Senior School Library | Staff Office | 2023-08-10 | 909.82 WIL | TRKHSL001643 | 2023-08-10 | 2023-08-10 | Teaching Resources | |||||
| Teaching Resources | KH8 Senior School Library | KH8 Senior School Library | Staff Office | 2023-08-10 | 909.82 WIL | TRKHSL001644 | 2023-08-10 | 2023-08-10 | Teaching Resources | |||||
| Teaching Resources | KH8 Senior School Library | KH8 Senior School Library | Staff Office | 2023-08-10 | 909.82 WIL | TRKHSL001645 | 2023-08-10 | 2023-08-10 | Teaching Resources | |||||
| Teaching Resources | KH8 Senior School Library | KH8 Senior School Library | Staff Office | 2023-08-10 | 909.82 WIL | TRKHSL001646 | 2023-08-10 | 2023-08-10 | Teaching Resources | |||||
| Teaching Resources | KH8 Senior School Library | KH8 Senior School Library | Staff Office | 2023-08-10 | 909.82 WIL | TRKHSL001647 | 2023-08-10 | 2023-08-10 | Teaching Resources | |||||
| Teaching Resources | KH8 Senior School Library | KH8 Senior School Library | Staff Office | 2023-08-10 | 909.82 WIL | TRKHSL001648 | 2023-08-10 | 2023-08-10 | Teaching Resources | |||||
| Teaching Resources | KH8 Senior School Library | KH8 Senior School Library | Staff Office | 2023-08-10 | 909.82 WIL | TRKHSL001649 | 2023-08-10 | 2023-08-10 | Teaching Resources | |||||
| Teaching Resources | KH8 Senior School Library | KH8 Senior School Library | Staff Office | 2023-08-10 | 909.82 WIL | TRKHSL001650 | 2023-08-10 | 2023-08-10 | Teaching Resources | |||||
| Teaching Resources | KH8 Senior School Library | KH8 Senior School Library | Staff Office | 2023-08-10 | 909.82 WIL | TRKHSL001651 | 2023-08-10 | 2023-08-10 | Teaching Resources | |||||
| Teaching Resources | KH8 Senior School Library | KH8 Senior School Library | Staff Office | 2023-08-10 | 909.82 WIL | TRKHSL001652 | 2023-08-10 | 2023-08-10 | Teaching Resources | |||||
| Teaching Resources | KH8 Senior School Library | KH8 Senior School Library | Staff Office | 2023-08-10 | 909.82 WIL | TRKHSL001653 | 2023-08-10 | 2023-08-10 | Teaching Resources | |||||
| Teaching Resources | KH8 Senior School Library | KH8 Senior School Library | Staff Office | 2023-08-10 | 909.82 WIL | TRKHSL001654 | 2023-08-10 | 2023-08-10 | Teaching Resources | |||||
| Teaching Resources | KH8 Senior School Library | KH8 Senior School Library | Staff Office | 2023-08-10 | 909.82 WIL | TRKHSL001655 | 2023-08-10 | 2023-08-10 | Teaching Resources | |||||
| Teaching Resources | KH8 Senior School Library | KH8 Senior School Library | Staff Office | 2023-08-10 | 909.82 WIL | TRKHSL001656 | 2023-08-10 | 2023-08-10 | Teaching Resources | |||||
| Teaching Resources | KH8 Senior School Library | KH8 Senior School Library | Staff Office | 2023-08-10 | 909.82 WIL | TRKHSL001657 | 2023-08-10 | 2023-08-10 | Teaching Resources | |||||
| Teaching Resources | KH8 Senior School Library | KH8 Senior School Library | Staff Office | 2023-08-10 | 909.82 WIL | TRKHSL001658 | 2023-08-10 | 2023-08-10 | Teaching Resources | |||||
| Teaching Resources | KH8 Senior School Library | KH8 Senior School Library | Staff Office | 2023-08-10 | 909.82 WIL | TRKHSL001659 | 2023-08-10 | 2023-08-10 | Teaching Resources | |||||
| Teaching Resources | KH8 Senior School Library | KH8 Senior School Library | Staff Office | 2023-08-10 | 909.82 WIL | TRKHSL001660 | 2023-08-10 | 2023-08-10 | Teaching Resources |